Statistics for Economics - XI (Record no. 11088)

MARC details
000 -LEADER
fixed length control field 00335nam a22000977a 4500
008 - FIXED-LENGTH DATA ELEMENTS--GENERAL INFORMATION
fixed length control field 180824b ||||| |||| 00| 0 eng d
020 ## - INTERNATIONAL STANDARD BOOK NUMBER
International Standard Book Number 9788178558202
100 ## - MAIN ENTRY--PERSONAL NAME
Personal name Shah N M
9 (RLIN) 6654
245 ## - TITLE STATEMENT
Title Statistics for Economics - XI
Remainder of title Strictly according to the syllabus perscribed by the CBSE, New Delhi
260 ## - PUBLICATION, DISTRIBUTION, ETC. (IMPRINT)
Place of publication, distribution, etc. New Delhi
Name of publisher, distributor, etc. Arya Publication
Date of publication, distribution, etc. 2018
Holdings
Withdrawn status Lost status Source of classification or shelving scheme Damaged status Koha normalized classification for sorting Not for loan Home library Current library Shelving location Date acquired Total Checkouts Full call number Barcode Date last seen Price effective from Koha item type
    Dewey Decimal Classification   SHA_330_000000000000000   Good Samaritan School Library Good Samaritan School Library DOMESTIC ECONOMY. 08/24/2018   SHA330 SHA15061 08/24/2018 08/24/2018 BOOK

Powered by Koha